000 00347 a2200157 4500
001 150638
040 _cEscola São Tomás de Aquino
100 _aGATTAI, Zélia
240 1 0 _aO segredo da rua 18
_lpor
245 1 0 _aO segredo da rua 18
300 _a51
362 0 _a1998
440 1 _aRecord
697 _aARTES E RECREAÇÃO
942 _cBK
999 _c150638
_d150638